000 01579cam a2200289 i 4500
003 OSt
005 20210603155248.0
008 100219s2009 sp ad r 000 0 spa d
020 _a9789587104288
040 _aCO-BoPUJ
_cCO-JMCR
041 0 _aspa
082 0 4 _a346.082 /
_bF655c
_223
110 2 _aFogafin
_938117
245 1 0 _aCrisis financiera colombiana en los años noventa :
_borigen, resolución y lecciones institucionales /
_cdirectora Mónica Aparicio Smith
250 _aPrimera edición.
260 _aBogotá :
_bUniversidad Externado de Colombia,
_c2009.
300 _a322 páginas :
_bilustraciones, diagramas, gráficas y tablas ;
_c24 cm.
490 0 _aColección Hernando Bermúdez Gómez ;
_v2
504 _aBibliografía: páginas 309-322.
505 _aCrisis sistemas financieros. -- Marco institucional colombiano para la protección del sistema financiero. -- Origen de la crisis financiera en los años noventa. -- Medida adoptadas para resolver la crisis. -- Instituciones financieras públicas durante la crisis. -- Costo fiscal y duración de la crisis. -- Lecciones institucionales . -- Evolución reciente y perspectivas del sistema financiero colombiano. -- Comentarios finales.
650 1 4 _aCrisis financiera
_zColombia
_y1990-2000
_938118
650 2 4 _aEconomía
_zColombia
_y1990-2000
_938119
650 2 4 _aInstituciones financieras
_xLegislación
_zColombia
_y1990-2000
_938120
700 1 _aAparicio Smith, Mónica
_edirectora
_938121
942 _2ddc
_cBK
999 _c11886
_d11886